| 000 | 00384nam a22001697a 4500 | ||
|---|---|---|---|
| 005 | 20260408101400.0 | ||
| 008 | 160628b xxu||||| |||| 00| 0 eng d | ||
| 020 | _a0-86068-685-X | ||
| 041 | _aeng | ||
| 082 | _a818.5409 | ||
| 100 |
_aMaya Angelou _98933 |
||
| 245 | _aGather together in my Name | ||
| 260 |
_bPenguin _c2002 |
||
| 300 | _a214 | ||
| 650 | _aManagement | ||
| 942 | _cBK | ||
| 999 |
_c4381 _d4380 |
||